Jinnah vs. Gandhi (Record no. 91506)

MARC details
000 -LEADER
fixed length control field 00557nam a22001817a 4500
005 - DATE AND TIME OF LATEST TRANSACTION
control field 20150324145721.0
010 ## - LCCN (DPL NO)
LC control number ENG-112195
020 ## - INTERNATIONAL STANDARD BOOK NUMBER
International Standard Book Number 9789350099582
Terms of availability 375.00
035 ## - SYSTEM CONTROL NUMBER
System control number EN-95727
037 ## - SOURCE OF ACQUISITION
Source of stock number/acquisition DBAD/PUB
082 ## - DEWEY DECIMAL CLASSIFICATION NUMBER
Classification number 954.0842
100 ## - MAIN ENTRY--PERSONAL NAME
Personal name Matthews, Roderick
245 ## - TITLE STATEMENT
Title Jinnah vs. Gandhi
Statement of responsibility, etc by Roderick Matthews /
260 ## - PUBLICATION, DISTRIBUTION, ETC. (IMPRINT)
Place of publication, distribution, etc Gurgaon
Name of publisher, distributor, etc Hachette Book Publishing
Date of publication, distribution, etc 2014
270 ## - ADDRESS
Address 4th & 5th Floor, Corporate Centre, Plot No.94, Sector -44
City Gurgaon
Postal code 122003
300 ## - PHYSICAL DESCRIPTION
Extent 330p.
Dimensions 23cm(pbk)
942 ## - ADDED ENTRY ELEMENTS (KOHA)
Source of classification or shelving scheme Dewey Decimal Classification
Item type English Books
Call number suffix MAT
Classification part 954.0842
Holdings
Withdrawn status Lost status Not for loan Collection code Home library Current library Date acquired Source of acquisition Cost, normal purchase price Full call number Barcode Copy number Cost, replacement price Koha item type
    Not For Loan Non-fiction D.B.Act.Division D.B.Act.Division 18/02/2015 DBAD/PUB 375.00 954.0842 MAT EN-95727 1 375.00 English Books

© Delhi Public Library
Hit Counter
free hit counter